| 000 | 00763cam a22002653a 4500 | ||
|---|---|---|---|
| 001 | 9649 | ||
| 003 | PGUSA | ||
| 005 | 20140828083214.0 | ||
| 008 | 060101s2006||||xxu|||||s|||||000 1 eng d | ||
| 040 |
_aPGUSA _beng |
||
| 042 | _adc | ||
| 050 | 4 | _aPZ | |
| 100 | 1 | _aLeslie, Lawrence J. | |
| 245 | 1 | 0 |
_aWith Trapper Jim in the North Woods _h[electronic resource] / _cLawrence J. Leslie |
| 260 |
_bProject Gutenberg, _c2006 |
||
| 506 | _aPublic domain in the USA. | ||
| 516 | _aElectronic text | ||
| 653 | _aBoys -- Juvenile fiction | ||
| 653 | _aTrappers -- Juvenile fiction | ||
| 653 | _aCamping -- Juvenile fiction | ||
| 653 | _aAdventure stories | ||
| 830 | 0 |
_aProject Gutenberg _v9649 |
|
| 856 | 4 | 0 | _uhttp://www.gutenberg.org/ebooks/9649 |
| 942 | _cEB | ||
| 999 |
_c238905 _d238905 |
||